Who Won the MLB World Series? - Statistics

General Stats
  • This quiz has been taken 38 times
  • The average score is 30 of 35
Answer Stats
Hint Answer % Correct
1990 Cincinnati Reds
100%
2022 Houston Astros
100%
2017 Houston Astros
100%
2024 Los Angeles Dodgers
100%
2020 Los Angeles Dodgers
100%
2016 Chicago Cubs
97%
2023 Texas Rangers
97%
2018 Boston Red Sox
94%
2013 Boston Red Sox
94%
2007 Boston Red Sox
94%
2004 Boston Red Sox
94%
2009 New York Yankees
94%
2000 New York Yankees
94%
1999 New York Yankees
94%
1998 New York Yankees
94%
1996 New York Yankees
94%
2001 Arizona Diamondbacks
91%
2021 Atlanta Braves
91%
1995 Atlanta Braves
91%
2005 Chicago White Sox
91%
2008 Philadelphia Phillies
91%
2014 San Francisco Giants
88%
2012 San Francisco Giants
88%
2010 San Francisco Giants
88%
2003 Florida Marlins
85%
2015 Kansas City Royals
85%
2011 St Louis Cardinals
85%
2006 St Louis Cardinals
85%
1993 Toronto Blue Jays
85%
1992 Toronto Blue Jays
85%
2019 Washington Nationals
85%
1991 Minnesota Twins
73%
1997 Florida Marlins
61%
2002 Anaheim Angels
21%
1994 Cancelled
9%
No matching quizzes found
Score Distribution
Percent of People with Each Score
Percentile by Number Answered
Your Score History
You have not taken this quiz